000 00733nab a2200217u 4500
001 22887
003 HDC
007 c| |||a|c|aaaa
008 210310b20100917my ||||o |||| 00| 0 eng d
040 _aHDC
245 0 _aFrance: Quick Halal and French cultural identity
336 _atext
_2rdacontent
337 _acomputer
_2rdamedia
338 _aonline resource
_2rdacarrier
650 _aFrench cultural identity
_919628
650 _aHALDE (High Authority against Discrimination)
_919629
856 _zRequest full-text at [email protected]
942 _2lcc
942 _cNEWS
942 _kNWS0 005069
999 _c20203
_d20203